[Event "7th Staunton Memorial"]
[Site "London ENG"]
[Date "2009.08.08"]
[Round "1"]
[White "Howell,D"]
[Black "Smeets,J"]
[Result "1/2-1/2"]
[WhiteElo "2614"]
[BlackElo "2632"]
[EventDate "2009.08.08"]

1. e4 e5 2. Bc4 Nf6 3. d3 c6 4. Nf3 d5 5. Bb3 Bd6 6. Nc3 dxe4 7. Ng5 O-O 8.
Ngxe4 Nxe4 9. Nxe4 Bf5 10. Qf3 Bxe4 11. dxe4 a5 12. a4 Nd7 13. c3 Nc5 14.
Bc2 Qe7 15. O-O Qe6 16. Be3 Rfd8 17. Qe2 Be7 18. g3 g6 19. b4 axb4 20. cxb4
Nb3 21. Bxb3 Qxb3 22. Rfb1 Qe6 23. b5 Rd7 24. a5 cxb5 25. Qxb5 h5 26. Bb6
Bd8 27. h4 Bxb6 28. Qxb6 Qg4 29. Qe3 Rad8 30. Rb3 Qh3 31. Re1 Rd2 32. Qf3
R8d7 33. Qf6 Rd1 34. Rb1 Rxe1+ 35. Rxe1 Qe6 36. Qxe6 fxe6 37. Rb1 Kf7 38.
Rb5 Kf6 39. Kf1 Rd4 40. Rxb7 Rxe4 41. a6 Ra4 42. Ra7 e4 43. Ra8 Ke5 44. a7
e3 45. f3 Ra1+ 46. Ke2 Ra3 47. Kd1 Ra1+ 48. Ke2 Ra3 49. Rg8 Rxa7 50. Rxg6
Kd4 51. Rxe6 Ra2+ 52. Ke1 1/2-1/2

[Event "7th Staunton Memorial"]
[Site "London ENG"]
[Date "2009.08.09"]
[Round "2"]
[White "Smeets,J"]
[Black "Short,N"]
[Result "0-1"]
[WhiteElo "2632"]
[BlackElo "2684"]
[EventDate "2009.08.08"]

1. e4 Nf6 2. e5 Nd5 3. d4 d6 4. Nf3 dxe5 5. Nxe5 c6 6. Be2 Bf5 7. O-O Nd7
8. c4 N5f6 9. Bf4 Qb6 10. Nxd7 Nxd7 11. Qd2 e5 12. dxe5 O-O-O 13. Nc3 Nc5
14. Nd5 cxd5 15. cxd5 Kb8 16. Be3 f6 17. b4 Ne4 18. Bxb6 Nxd2 19. Bxd8 Bxb4
20. a3 Rxd8 21. axb4 Nxf1 22. Bxf1 fxe5 23. Bc4 a6 24. Re1 e4 25. g4 Bxg4
26. Rxe4 Bf5 27. Re5 g6 28. f4 Kc7 29. Re7+ Rd7 30. Re8 Kd6 31. b5 a5 0-1

[Event "7th Staunton Memorial"]
[Site "London ENG"]
[Date "2009.08.10"]
[Round "3"]
[White "Howell,D"]
[Black "L'Ami,E"]
[Result "1/2-1/2"]
[WhiteElo "2614"]
[BlackElo "2593"]
[EventDate "2009.08.08"]

1. e4 c6 2. d4 d5 3. e5 Bf5 4. Be3 e6 5. Nd2 Nd7 6. Ngf3 Ne7 7. Be2 Nc8 8.
Nf1 Be7 9. Ng3 Bg6 10. h4 h6 11. h5 Bh7 12. Bd3 Bxd3 13. cxd3 Qa5+ 14. Nd2
Qb5 15. Qc2 c5 16. Ne2 O-O 17. O-O Qc6 18. Rac1 cxd4 19. Bxd4 Qxc2 20. Rxc2
Bd8 21. f4 Ne7 22. Bf2 1/2-1/2

[Event "7th Staunton Memorial"]
[Site "London ENG"]
[Date "2009.08.11"]
[Round "4"]
[White "Sokolov,Ivan"]
[Black "Adams,Mi"]
[Result "1/2-1/2"]
[WhiteElo "2655"]
[BlackElo "2699"]
[EventDate "2009.08.08"]

1. d4 Nf6 2. c4 e6 3. Nc3 Bb4 4. e3 O-O 5. Nge2 d5 6. a3 Bd6 7. c5 Be7 8.
b4 b6 9. Ng3 a5 10. Bd2 c6 11. Be2 Ba6 12. O-O Nbd7 13. Qc2 Qc7 14. Rfc1
Qb7 15. Rab1 axb4 16. axb4 Rfc8 17. h3 1/2-1/2

[Event "7th Staunton Memorial"]
[Site "London ENG"]
[Date "2009.08.11"]
[Round "4"]
[White "Van Wely,L"]
[Black "Howell,D"]
[Result "1-0"]
[WhiteElo "2655"]
[BlackElo "2614"]
[EventDate "2009.08.08"]

1. c4 Nf6 2. Nc3 d5 3. cxd5 Nxd5 4. g3 g6 5. Bg2 Nb6 6. Nf3 Bg7 7. O-O O-O
8. d4 Nc6 9. d5 Na5 10. Qc2 c6 11. dxc6 Nxc6 12. Rd1 Bf5 13. e4 Bd7 14. Qe2
Qc8 15. Be3 Bg4 16. Rac1 Qe6 17. h3 Bxf3 18. Bxf3 h5 19. Bg2 Nc4 20. Bg5
Rad8 21. Nd5 Nxb2 22. Rd2 Na4 23. Qd1 f6 24. Bf4 Nb6 25. Bc7 Rc8 26. Nf4
Qf7 27. Bxb6 axb6 28. e5 Kh7 29. Bd5 Qe8 30. Ne6 Rh8 31. exf6 exf6 32. Bb3
Nb8 33. Rxc8 Qxc8 34. Rd6 Re8 35. Qd5 Bh6 36. Qd4 Qc1+ 37. Kg2 Re7 38. Qxf6
Nc6 39. Nf8+ 1-0

[Event "7th Staunton Memorial"]
[Site "London ENG"]
[Date "2009.08.12"]
[Round "5"]
[White "Howell,D"]
[Black "Werle,J"]
[Result "1-0"]
[WhiteElo "2614"]
[BlackElo "2575"]
[EventDate "2009.08.08"]

1. e4 e5 2. Nf3 Nc6 3. d4 exd4 4. Nxd4 Bc5 5. Nxc6 Qf6 6. Qf3 bxc6 7. Nc3
Qxf3 8. gxf3 Ne7 9. Be3 Bxe3 10. fxe3 d6 11. Rg1 O-O 12. f4 Kh8 13. O-O-O
f5 14. e5 dxe5 15. Bc4 exf4 16. exf4 Rb8 17. Rde1 Ng8 18. Na4 Bd7 19. Nc5
Rbd8 20. Rg3 Bc8 21. Ra3 Rd4 22. b3 Rxf4 23. Rxa7 Rd4 24. Rxc7 f4 25. Bxg8
Rxg8 26. Rf7 Rd5 27. b4 Rf5 28. Rxf5 Bxf5 29. a4 g5 30. a5 f3 31. Kd2 g4
32. a6 h5 33. Re5 Bg6 34. Ke3 h4 35. Kf2 Bh7 36. a7 Bxc2 37. Rg5 Ra8 38.
Rxg4 Rxa7 39. Rxh4+ Kg7 40. Kxf3 Ra1 41. Rc4 Bd1+ 42. Kf4 Ra2 43. h4 Rh2
44. Ke5 Bf3 45. Ne6+ Kh6 46. Nd4 Bd5 47. Rc5 Bg2 48. Rc2 Kh5 49. Ne6 1-0

[Event "7th Staunton Memorial"]
[Site "London ENG"]
[Date "2009.08.13"]
[Round "6"]
[White "Smeets,J"]
[Black "Howell,D"]
[Result "1-0"]
[WhiteElo "2632"]
[BlackElo "2614"]
[EventDate "2009.08.08"]

1. e4 e5 2. Nf3 Nc6 3. Bb5 a6 4. Ba4 Nf6 5. O-O Be7 6. Re1 b5 7. Bb3 d6 8.
c3 O-O 9. h3 Na5 10. Bc2 c5 11. d4 Qc7 12. Nbd2 cxd4 13. cxd4 Nc6 14. a3
Bd7 15. d5 Na5 16. b4 Nb7 17. Nb3 Nh5 18. Bd3 g6 19. Bh6 Rfc8 20. Rc1 Qd8
21. Qe2 Rxc1 22. Rxc1 Rc8 23. Rxc8 Qxc8 24. Qe3 Qc3 25. Qa7 Qxb3 26. Qxb7
Nf6 27. Bf1 Qc2 28. Qxa6 Nxe4 29. Qa8+ Bc8 30. Bd3 Qxf2+ 31. Kh1 1-0

[Event "7th Staunton Memorial"]
[Site "London ENG"]
[Date "2009.08.14"]
[Round "7"]
[White "Short,N"]
[Black "Smeets,J"]
[Result "1/2-1/2"]
[WhiteElo "2684"]
[BlackElo "2632"]
[EventDate "2009.08.08"]

1. e4 e5 2. Nf3 Nf6 3. Nc3 Bb4 4. Nxe5 O-O 5. Nd3 Bxc3 6. dxc3 Nxe4 7. Be3
Re8 8. Be2 d6 9. O-O Bf5 10. Nf4 Nc6 11. Re1 Nf6 12. Qd2 Ng4 13. Bd3 Qd7
14. h3 Nxe3 15. Rxe3 Re5 16. Rae1 1/2-1/2

[Event "7th Staunton Memorial"]
[Site "London ENG"]
[Date "2009.08.17"]
[Round "10"]
[White "Werle,J"]
[Black "Howell,D"]
[Result "1/2-1/2"]
[WhiteElo "2575"]
[BlackElo "2614"]
[EventDate "2009.08.08"]

1. d4 Nf6 2. c4 g6 3. Nc3 d5 4. Qb3 dxc4 5. Qxc4 Bg7 6. e4 O-O 7. Be2 Nc6
8. Nf3 Bg4 9. Be3 Bxf3 10. gxf3 e5 11. dxe5 Nxe5 12. Qb5 Nh5 13. h4 c6 14.
Qxb7 Rb8 15. Qxa7 Rxb2 16. Kf1 Qf6 17. Bg5 Qe6 18. Rb1 Rxb1+ 19. Nxb1 h6
20. Be3 Qf6 21. Nd2 Rd8 22. Qa5 Nd3 23. Bxd3 Rxd3 24. a4 Kh7 25. Qb4 c5 26.
Qxc5 Rxd2 27. Bxd2 Qxf3 28. Rh2 Ng3+ 29. Kg1 Ne2+ 30. Kf1 Ng3+ 31. Kg1 Qd1+
32. Kg2 Nxe4 33. Qc1 Qg4+ 34. Kf1 Be5 35. Rg2 Qxh4 36. Be3 Nc3 37. f4 Bg7
38. a5 Qh5 39. Bb6 Qf3+ 40. Kg1 Ne2+ 41. Rxe2 Qxe2 42. Qf1 Qe6 43. f5 gxf5
44. Qd3 Qf6 1/2-1/2